000 00551ntaaa2200205 4500
003 01
005 20251027202312.0
008 0714s1973 ag 01
020 _a2825409774
040 _aAR-BaBN
_bspa
_cAR-BaBN
_eaacr
_dRIC
082 _a279.4000 P831
100 _aPorter, Muriel
_921566
245 _aLand of the spirit?
250 _a1 ed.
260 _aGeneva :
_bWorld Council of Churches,
_c1990
300 _axi, 102 p ;
_cilu. : 21 cm
650 _ahistoria-iglesia-Australia
_921567
650 _aAustralia-religión
_921568
942 _cBK
999 _c17791
_d17791